000 00507nam a22001697a 4500
999 _c15351
_d15351
082 _a631.7
_bANI/DE
100 _aANITHA, P. P
_93029
245 _aDesign development and testing of an automatic drip irrigation system
260 _aTavanur
_bKelappaji College of Agricultural Engineering and Technology
_c1990
300 _a91
500 _aproject report
520 _aproject report
650 _aproject report
_92985
700 _aMohamad Aslam, C
_93030
700 _aRema, K. P
_92901
942 _cPR